Elhunyt Bokor István
Elmentve itt :
| Dokumentumtípus: | Cikk |
|---|---|
| Megjelent: |
1984-07-03
|
| Sorozat: | Délmagyarország
74 No. 154 |
| Kulcsszavak: | Bokor István |
| Online Access: | http://dmarchiv.bibl.u-szeged.hu/92454 |
| LEADER | 00390nab a2200145 i 4500 | ||
|---|---|---|---|
| 001 | delm92454 | ||
| 005 | 20190904125450.0 | ||
| 008 | 190904s1984 hu o 0|| hun d | ||
| 040 | |a SZTE Délmagyarország Archívum |b hun | ||
| 041 | |a hun | ||
| 245 | 0 | 0 | |a Elhunyt Bokor István |h [elektronikus dokumentum] |
| 260 | |c 1984-07-03 | ||
| 300 | |a 7 | ||
| 490 | 0 | |a Délmagyarország |v 74 No. 154 | |
| 695 | |a Bokor István | ||